Elementary soil and water engineering /

Bibliographic Details
Main Author: Schwab, Glenn Orville, 1914-
Format: Book
Language:English
Published: New York : J. Wiley, [1971]
Edition:2d ed.
Subjects:

MARC

Tag First Indicator Second Indicator Subfields
LEADER 00000cam a2200000 4500
001 in00000295321
005 20151010083342.0
008 710528s1971 nyuab b 00110 eng
010 |a  76132224  
020 |a 0471765260 
035 |a (OCoLC)00141339 
035 |9 ABG0128AM 
040 |a DLC  |c DLC  |d TXA  |d UtOrBLW 
049 |a TXAM  |c 1 [1207142]  |c 2 [1137806] 
050 0 0 |a S623  |b .S39 1971 
082 0 |a 631.4 
100 1 |a Schwab, Glenn Orville,  |d 1914- 
245 1 0 |a Elementary soil and water engineering /  |c [by] Glenn O. Schwab [and others]. 
250 |a 2d ed. 
264 1 |a New York :  |b J. Wiley,  |c [1971] 
300 |a vii, 316 pages :  |b illustrations, maps. ;  |c 24 cm. 
336 |a text  |b txt  |2 rdacontent 
337 |a unmediated  |b n  |2 rdamedia 
338 |a volume  |b nc  |2 rdacarrier 
504 |a Bibliography: pages 299-307. 
650 0 |a Soil conservation. 
650 0 |a Hydraulic engineering. 
650 0 |a Water conservation. 
740 0 |a Soil and water engineering. 
999 |a MARS 
999 f f |s 214172b6-2199-3802-bd6a-8ce6753cb561  |i 4dd65ad5-7af2-33f4-9427-b789df91674e  |t 0 
952 f f |p ric  |a Texas A&M University  |b Rellis Campus  |c Joint Library Facility  |d Remote Storage  |t 0  |e S623 .S39 1971  |h Library of Congress classification  |i unmediated -- volume  |m A14805186963 
998 f f |a S623 .S39 1971  |t 0  |l Remote Storage